[Event "MP do lat 18 - dziewczeta"]
[Site "Sypniewo"]
[Date "2022.03.23"]
[Round "5.7"]
[White "Nowak, Roksana"]
[Black "Zarebska, Lena"]
[Result "0-1"]
[BlackElo "1809"]
[WhiteElo "1669"]
[LiveChessVersion "1.4.8"]

1. e4 {[%clk 1:30:59]} c5 {[%clk 1:30:08]} 2. Nf3 {[%clk 1:31:17]} Nc6
{[%clk 1:30:32]} 3. d4 {[%clk 1:31:38]} cxd4 {[%clk 1:30:58]} 4. Nxd4
{[%clk 1:32:02]} Nf6 {[%clk 1:31:24]} 5. Nc3 {[%clk 1:32:20]} e5 {[%clk 1:31:44]}
6. Ndb5 {[%clk 1:32:43]} d6 {[%clk 1:32:07]} 7. a4 {[%clk 1:33:07]} Bg4
{[%clk 1:29:58]} 8. f3 {[%clk 1:31:30]} Be6 {[%clk 1:30:22]} 9. Nd5
{[%clk 1:29:49]} Bxd5 {[%clk 1:24:20]} 10. exd5 {[%clk 1:30:16]} Nb8
{[%clk 1:24:16]} 11. c4 {[%clk 1:27:16]} a6 {[%clk 1:21:54]} 12. Nc3
{[%clk 1:23:26]} Be7 {[%clk 1:11:14]} 13. Be3 {[%clk 1:14:39]} Nfd7
{[%clk 1:03:24]} 14. Bd3 {[%clk 1:12:30]} a5 {[%clk 1:01:57]} 15. Qb3
{[%clk 1:09:35]} b6 {[%clk 0:59:06]} 16. O-O {[%clk 0:59:28]} O-O
{[%clk 0:52:08]} 17. Qc2 {[%clk 0:58:23]} h6 {[%clk 0:52:19]} 18. f4
{[%clk 0:55:54]} Na6 {[%clk 0:49:38]} 19. Qe2 {[%clk 0:54:14]} Nac5
{[%clk 0:41:35]} 20. Bc2 {[%clk 0:53:16]} exf4 {[%clk 0:28:22]} 21. Bxf4
{[%clk 0:52:30]} Re8 {[%clk 0:27:26]} 22. Bxh6 {[%clk 0:30:57]} gxh6
{[%clk 0:20:01]} 23. Qh5 {[%clk 0:28:06]} Bf6 {[%clk 0:18:17]} 24. Qxh6
{[%clk 0:27:07]} Bg7 {[%clk 0:17:49]} 25. Qh7+ {[%clk 0:08:47]} Kf8
{[%clk 0:18:12]} 26. Rf3 {[%clk 0:03:21]} Nf6 {[%clk 0:13:51]} 27. Qh4
{[%clk 0:03:49]} Nfe4 {[%clk 0:10:35]} 28. Qf4 {[%clk 0:03:32]} Nf6
{[%clk 0:05:43]} 29. Nb5 {[%clk 0:03:02]} Re5 {[%clk 0:05:38]} 30. g4
{[%clk 0:02:58]} Qe7 {[%clk 0:04:40]} 31. Nd4 {[%clk 0:02:13]} Re8
{[%clk 0:01:44]} 32. Nf5 {[%clk 0:02:11]} Re1+ {[%clk 0:01:49]} 33. Rxe1
{[%clk 0:02:40]} Qxe1+ {[%clk 0:02:13]} 34. Rf1 {[%clk 0:03:05]} Qe5
{[%clk 0:01:52]} 35. Qg5 {[%clk 0:02:30]} Nfe4 {[%clk 0:01:53]} 36. Bxe4
{[%clk 0:02:31]} Nxe4 {[%clk 0:02:15]} 37. Qh4 {[%clk 0:02:27]} Qf6
{[%clk 0:01:39]} 38. Qh5 {[%clk 0:01:40]} Qg5 {[%clk 0:01:10]} 39. Qh3
{[%clk 0:01:35]} Bxb2 {[%clk 0:00:58]} 40. Nh6 {[%clk 0:31:02]} Bd4+
{[%clk 0:31:16]} 41. Kh1 {[%clk 0:30:38]} Nf2+ {[%clk 0:31:05]} 42. Rxf2
{[%clk 0:31:03]} Bxf2 {[%clk 0:31:30]} 0-1

[Event "MP do lat 18 - dziewczeta"]
[Site "Sypniewo"]
[Date "2022.03.23"]
[Round "5.8"]
[White "Mirowska, Oliwia"]
[Black "Krzyzosiak, Marta"]
[Result "1/2-1/2"]
[BlackElo "1698"]
[WhiteElo "1738"]
[LiveChessVersion "1.4.8"]

1. d4 {[%clk 1:30:57]} Nf6 {[%clk 1:30:51]} 2. Bf4 {[%clk 1:30:55]} g6
{[%clk 1:30:58]} 3. Nf3 {[%clk 1:31:13]} Bg7 {[%clk 1:31:15]} 4. Nc3
{[%clk 1:30:59]} d5 {[%clk 1:27:24]} 5. e3 {[%clk 1:31:18]} c6 {[%clk 1:24:46]}
6. h4 {[%clk 1:31:38]} Nbd7 {[%clk 1:19:10]} 7. Ne5 {[%clk 1:31:52]} Nxe5
{[%clk 1:10:36]} 8. Bxe5 {[%clk 1:32:14]} Nh5 {[%clk 0:57:01]} 9. Bxg7
{[%clk 1:29:38]} Nxg7 {[%clk 0:57:25]} 10. Qd2 {[%clk 1:29:00]} Qc7
{[%clk 0:51:53]} 11. Be2 {[%clk 1:28:07]} h5 {[%clk 0:50:30]} 12. O-O-O
{[%clk 1:28:03]} Bf5 {[%clk 0:46:43]} 13. f3 {[%clk 1:26:54]} O-O-O
{[%clk 0:42:29]} 14. Kb1 {[%clk 1:25:43]} Kb8 {[%clk 0:39:53]} 15. e4
{[%clk 1:23:05]} Be6 {[%clk 0:33:50]} 16. Na4 {[%clk 1:21:52]} f6
{[%clk 0:29:06]} 17. Qb4 {[%clk 1:17:14]} Bf7 {[%clk 0:21:01]} 18. Rhe1
{[%clk 1:16:33]} Rhe8 {[%clk 0:19:35]} 19. Bf1 {[%clk 1:11:31]} e5
{[%clk 0:18:41]} 20. exd5 {[%clk 1:09:52]} cxd5 {[%clk 0:11:20]} 21. Bb5
{[%clk 1:06:02]} Re6 {[%clk 0:09:27]} 22. c4 {[%clk 0:55:49]} exd4
{[%clk 0:05:44]} 23. cxd5 {[%clk 0:54:29]} Rxe1 {[%clk 0:05:35]} 24. Rxe1
{[%clk 0:54:51]} Nf5 {[%clk 0:05:09]} 25. Bd3 {[%clk 0:53:17]} Qd6
{[%clk 0:02:39]} 26. Nc5 {[%clk 0:48:29]} Qb6 {[%clk 0:01:56]} 27. Qxb6
{[%clk 0:42:24]} axb6 {[%clk 0:02:22]} 28. Ne4 {[%clk 0:42:29]} Ne3
{[%clk 0:01:40]} 29. Nxf6 {[%clk 0:42:19]} Rd6 {[%clk 0:02:03]} 30. Ne4
{[%clk 0:41:54]} Rxd5 {[%clk 0:01:31]} 31. Nd2 {[%clk 0:39:56]} Rc5
{[%clk 0:01:00]} 32. Nf1 {[%clk 0:36:43]} Nxg2 {[%clk 0:01:11]} 33. Re4
{[%clk 0:36:37]} Bd5 {[%clk 0:01:07]} 34. Rxd4 {[%clk 0:35:49]} Bxf3
{[%clk 0:01:31]} 35. Bxg6 {[%clk 0:35:32]} Bg4 {[%clk 0:01:29]} 36. Ng3
{[%clk 0:33:06]} Nxh4 {[%clk 0:01:40]} 37. b4 {[%clk 0:29:24]} Re5
{[%clk 0:00:51]} 38. Bxh5 {[%clk 0:27:07]} Bxh5 {[%clk 0:01:15]} 39. Rxh4
{[%clk 0:27:32]} Bg6+ {[%clk 0:01:37]} 40. Kb2 {[%clk 0:57:55]} Rg5
{[%clk 0:31:48]} 41. Ne4 {[%clk 0:52:06]} 1/2-1/2

[Event "MP do lat 18 - dziewczeta"]
[Site "Sypniewo"]
[Date "2022.03.23"]
[Round "5.9"]
[White "Kulpa, Karolina"]
[Black "Siekanska, Zuzanna"]
[Result "1-0"]
[BlackElo "1756"]
[WhiteElo "1406"]
[LiveChessVersion "1.4.8"]

1. e4 {[%clk 1:30:58]} e5 {[%clk 1:30:36]} 2. Nf3 {[%clk 1:31:17]} Nc6
{[%clk 1:30:50]} 3. Bb5 {[%clk 1:31:37]} a6 {[%clk 1:31:11]} 4. Ba4
{[%clk 1:31:59]} Nf6 {[%clk 1:31:26]} 5. O-O {[%clk 1:32:11]} Be7
{[%clk 1:31:39]} 6. d3 {[%clk 1:32:18]} b5 {[%clk 1:31:57]} 7. Bb3
{[%clk 1:32:40]} d6 {[%clk 1:32:19]} 8. a3 {[%clk 1:32:26]} O-O {[%clk 1:32:30]}
9. Nc3 {[%clk 1:32:41]} Bg4 {[%clk 1:30:27]} 10. Be3 {[%clk 1:31:35]} Nd4
{[%clk 1:28:35]} 11. Bxd4 {[%clk 1:31:16]} exd4 {[%clk 1:28:57]} 12. Nd5
{[%clk 1:31:20]} c5 {[%clk 1:27:55]} 13. Nxf6+ {[%clk 1:24:06]} Bxf6
{[%clk 1:27:54]} 14. h3 {[%clk 1:24:12]} Bh5 {[%clk 1:24:05]} 15. g4
{[%clk 1:20:02]} Bg6 {[%clk 1:24:14]} 16. Nd2 {[%clk 1:16:12]} Rc8
{[%clk 1:17:54]} 17. f4 {[%clk 1:14:12]} h6 {[%clk 1:13:55]} 18. Qe2
{[%clk 1:02:24]} Re8 {[%clk 1:11:15]} 19. Rf2 {[%clk 0:42:33]} Bh4
{[%clk 1:01:37]} 20. Rg2 {[%clk 0:42:02]} c4 {[%clk 0:59:38]} 21. dxc4
{[%clk 0:36:49]} bxc4 {[%clk 0:59:40]} 22. Bxc4 {[%clk 0:35:07]} Bxe4
{[%clk 0:58:51]} 23. Nxe4 {[%clk 0:32:06]} d5 {[%clk 0:58:05]} 24. Bxa6
{[%clk 0:30:47]} Rxe4 {[%clk 0:51:15]} 25. Qd2 {[%clk 0:29:08]} Rc6
{[%clk 0:49:28]} 26. Bd3 {[%clk 0:27:27]} Re3 {[%clk 0:49:36]} 27. Bb5
{[%clk 0:19:33]} Rb6 {[%clk 0:45:56]} 28. a4 {[%clk 0:15:08]} Qf6
{[%clk 0:39:51]} 29. Rf1 {[%clk 0:12:28]} Rxh3 {[%clk 0:37:08]} 30. g5
{[%clk 0:07:45]} hxg5 {[%clk 0:33:54]} 31. fxg5 {[%clk 0:07:58]} Qe5
{[%clk 0:33:25]} 32. Qf4 {[%clk 0:03:34]} Qe3+ {[%clk 0:25:58]} 33. Qxe3
{[%clk 0:03:52]} dxe3 {[%clk 0:26:19]} 34. Rd1 {[%clk 0:03:17]} Rg3
{[%clk 0:19:33]} 35. Rxd5 {[%clk 0:02:13]} Rxg2+ {[%clk 0:18:37]} 36. Kxg2
{[%clk 0:02:36]} Rxb5 {[%clk 0:17:28]} 37. Rxb5 {[%clk 0:02:12]} e2
{[%clk 0:17:46]} 38. Re5 {[%clk 0:02:30]} e1=Q {[%clk 0:17:59]} 39. Rxe1
{[%clk 0:02:52]} Bxe1 {[%clk 0:18:14]} 40. Kf3 {[%clk 0:32:57]} Kf8
{[%clk 0:48:01]} 41. c3 {[%clk 0:26:58]} Ke7 {[%clk 0:46:53]} 42. Ke4
{[%clk 0:25:51]} Bd2 {[%clk 0:45:49]} 43. a5 {[%clk 0:15:36]} Be1
{[%clk 0:41:29]} 44. a6 {[%clk 0:13:25]} Bf2 {[%clk 0:41:50]} 45. b4
{[%clk 0:13:32]} Kd6 {[%clk 0:32:31]} 46. c4 {[%clk 0:12:58]} Ba7
{[%clk 0:28:31]} 47. Kf5 {[%clk 0:08:48]} Kc6 {[%clk 0:23:24]} 48. g6
{[%clk 0:08:19]} f6 {[%clk 0:22:10]} 49. Ke6 {[%clk 0:08:13]} Bd4
{[%clk 0:22:21]} 50. c5 {[%clk 0:08:14]} Kc7 {[%clk 0:20:51]} 51. a7
{[%clk 0:06:16]} Kb7 {[%clk 0:20:46]} 52. Kd7 {[%clk 0:05:55]} Be5
{[%clk 0:20:31]} 53. c6+ {[%clk 0:05:51]} Kxa7 {[%clk 0:20:52]} 54. c7 1-0

[Event "MP do lat 18 - dziewczeta"]
[Site "Sypniewo"]
[Date "2022.03.23"]
[Round "5.10"]
[White "Reszka, Zofia"]
[Black "Sloniewska, Alicja"]
[Result "0-1"]
[BlackElo "1700"]
[WhiteElo "1328"]
[LiveChessVersion "1.4.8"]

1. e4 {[%clk 1:30:56]} c6 {[%clk 1:30:51]} 2. d4 {[%clk 1:31:16]} d5
{[%clk 1:31:02]} 3. Nc3 {[%clk 1:31:32]} dxe4 {[%clk 1:31:01]} 4. Nxe4
{[%clk 1:31:51]} Bf5 {[%clk 1:31:07]} 5. Ng3 {[%clk 1:32:02]} Bg6
{[%clk 1:31:13]} 6. h4 {[%clk 1:32:13]} h6 {[%clk 1:31:20]} 7. f4
{[%clk 1:31:25]} Nf6 {[%clk 1:30:01]} 8. Nf3 {[%clk 1:31:02]} Nbd7
{[%clk 1:29:39]} 9. Ne5 {[%clk 1:29:08]} Nxe5 {[%clk 1:26:41]} 10. fxe5
{[%clk 1:28:49]} Nd5 {[%clk 1:26:10]} 11. c3 {[%clk 1:24:12]} e6 {[%clk 1:25:37]}
12. Bd3 {[%clk 1:23:18]} Bxd3 {[%clk 1:24:22]} 13. Qxd3 {[%clk 1:23:35]} Be7
{[%clk 1:22:59]} 14. Qe4 {[%clk 1:17:53]} Qd7 {[%clk 1:16:04]} 15. Rf1
{[%clk 1:14:07]} c5 {[%clk 1:09:31]} 16. Nh5 {[%clk 1:05:41]} Rg8
{[%clk 1:02:36]} 17. g3 {[%clk 0:58:33]} cxd4 {[%clk 1:00:54]} 18. Qxd4
{[%clk 0:53:55]} b6 {[%clk 0:54:16]} 19. Qe4 {[%clk 0:45:01]} Bc5
{[%clk 0:44:40]} 20. Qh7 {[%clk 0:38:29]} O-O-O {[%clk 0:44:16]} 21. Qd3
{[%clk 0:34:28]} Qb7 {[%clk 0:37:49]} 22. Qf3 {[%clk 0:30:04]} Qc7
{[%clk 0:33:06]} 23. Bf4 {[%clk 0:27:16]} g5 {[%clk 0:30:38]} 24. hxg5
{[%clk 0:25:52]} hxg5 {[%clk 0:31:01]} 25. Bd2 {[%clk 0:23:43]} Qxe5+
{[%clk 0:30:39]} 26. Qe2 {[%clk 0:23:06]} Qxe2+ {[%clk 0:29:42]} 27. Kxe2
{[%clk 0:23:28]} Rh8 {[%clk 0:27:59]} 28. g4 {[%clk 0:20:53]} f5 {[%clk 0:23:19]}
29. Bxg5 {[%clk 0:19:04]} Rdg8 {[%clk 0:21:51]} 30. Bf6 {[%clk 0:17:57]} Nxf6
{[%clk 0:19:26]} 31. Nxf6 {[%clk 0:18:15]} Rg6 {[%clk 0:19:46]} 32. g5
{[%clk 0:17:22]} Rxg5 {[%clk 0:19:39]} 33. Rh1 {[%clk 0:15:30]} Rxh1
{[%clk 0:15:01]} 34. Rxh1 {[%clk 0:15:45]} Rg6 {[%clk 0:14:43]} 35. Rh8+
{[%clk 0:14:55]} Kb7 {[%clk 0:13:59]} 36. Rh7+ {[%clk 0:14:05]} Kc6
{[%clk 0:12:34]} 37. b4 {[%clk 0:12:34]} Bd6 {[%clk 0:09:41]} 38. Ne8
{[%clk 0:11:54]} Rg2+ {[%clk 0:09:14]} 39. Kd3 {[%clk 0:12:01]} Rxa2
{[%clk 0:08:52]} 40. Nxd6 {[%clk 0:42:07]} Kxd6 {[%clk 0:39:13]} 41. Kc4
{[%clk 0:41:07]} Ke5 {[%clk 0:36:21]} 42. Kb3 {[%clk 0:41:06]} Ra1
{[%clk 0:36:37]} 43. Kb2 {[%clk 0:41:26]} Ra6 {[%clk 0:36:52]} 44. Kc2
{[%clk 0:41:09]} Ke4 {[%clk 0:37:07]} 45. Rh3 {[%clk 0:41:08]} f4
{[%clk 0:37:23]} 46. Kd2 {[%clk 0:41:18]} Ra2+ {[%clk 0:37:21]} 47. Ke1
{[%clk 0:41:22]} f3 {[%clk 0:37:16]} 48. Kf1 {[%clk 0:41:01]} Ke3
{[%clk 0:37:21]} 49. Kg1 {[%clk 0:40:24]} e5 {[%clk 0:37:37]} 0-1

[Event "MP do lat 18 - dziewczeta"]
[Site "Sypniewo"]
[Date "2022.03.23"]
[Round "5.11"]
[White "Matusik, Zuzanna"]
[Black "Kudlak, Julia"]
[Result "1-0"]
[BlackElo "1579"]
[WhiteElo "1286"]
[LiveChessVersion "1.4.8"]

1. e4 {[%clk 1:30:58]} c5 {[%clk 1:30:45]} 2. f4 {[%clk 1:31:16]} Nc6
{[%clk 1:29:08]} 3. Nf3 {[%clk 1:30:54]} g6 {[%clk 1:28:18]} 4. Nc3
{[%clk 1:29:43]} Bg7 {[%clk 1:25:31]} 5. Bb5 {[%clk 1:29:12]} Nh6
{[%clk 1:17:10]} 6. O-O {[%clk 1:27:14]} O-O {[%clk 1:14:20]} 7. d3
{[%clk 1:26:53]} d6 {[%clk 1:08:03]} 8. h3 {[%clk 1:23:50]} a6 {[%clk 1:06:44]}
9. Bxc6 {[%clk 1:23:58]} bxc6 {[%clk 1:07:07]} 10. Be3 {[%clk 1:23:13]} a5
{[%clk 1:02:07]} 11. Qd2 {[%clk 1:22:38]} f5 {[%clk 0:58:22]} 12. e5
{[%clk 1:19:08]} Nf7 {[%clk 0:55:39]} 13. Rae1 {[%clk 1:18:58]} Rb8
{[%clk 0:48:51]} 14. Nd1 {[%clk 1:18:44]} Qc7 {[%clk 0:45:10]} 15. exd6
{[%clk 1:09:44]} exd6 {[%clk 0:44:58]} 16. b3 {[%clk 1:10:09]} Nd8
{[%clk 0:40:50]} 17. Bf2 {[%clk 1:03:57]} Ne6 {[%clk 0:40:02]} 18. Bh4
{[%clk 1:02:48]} Re8 {[%clk 0:37:53]} 19. Re2 {[%clk 1:01:55]} Bd7
{[%clk 0:36:33]} 20. c3 {[%clk 0:56:24]} h6 {[%clk 0:36:19]} 21. Bg3
{[%clk 0:51:01]} a4 {[%clk 0:35:49]} 22. bxa4 {[%clk 0:47:31]} Qa5
{[%clk 0:32:52]} 23. Qc2 {[%clk 0:47:17]} Kf7 {[%clk 0:30:57]} 24. Nd2
{[%clk 0:45:33]} Nd4 25. Rxe8 {[%clk 0:45:58]} Nxc2 {[%clk 0:30:29]} 26. Rxb8
{[%clk 0:44:52]} d5 {[%clk 0:28:03]} 27. Rb7 {[%clk 0:44:52]} Ke6
{[%clk 0:28:03]} 28. Nb3 {[%clk 0:44:42]} Qd8 {[%clk 0:27:18]} 29. Nxc5+
{[%clk 0:45:04]} Kd6 {[%clk 0:26:41]} 30. Rxd7+ {[%clk 0:45:04]} 1-0

[Event "MP do lat 18 - dziewczeta"]
[Site "Sypniewo"]
[Date "2022.03.23"]
[Round "5.12"]
[White "Lukasik, Zuzanna"]
[Black "Mytnik, Kinga"]
[Result "1/2-1/2"]
[BlackElo "1438"]
[WhiteElo "1786"]
[LiveChessVersion "1.4.8"]

1. e4 {[%clk 1:30:56]} d6 {[%clk 1:30:54]} 2. d4 {[%clk 1:30:27]} Nf6
{[%clk 1:31:16]} 3. Nc3 {[%clk 1:30:05]} Nbd7 {[%clk 1:31:32]} 4. Nf3
{[%clk 1:29:24]} e5 {[%clk 1:31:03]} 5. Bc4 {[%clk 1:28:35]} Be7 {[%clk 1:31:19]}
6. O-O {[%clk 1:28:16]} c6 {[%clk 1:31:13]} 7. a4 {[%clk 1:27:45]} a6
{[%clk 1:30:43]} 8. a5 {[%clk 1:25:03]} Qc7 {[%clk 1:29:05]} 9. h3
{[%clk 1:15:37]} exd4 {[%clk 1:25:44]} 10. Nxd4 {[%clk 1:04:40]} Ne5
{[%clk 1:24:27]} 11. Be2 {[%clk 1:01:33]} O-O {[%clk 1:22:03]} 12. f4
{[%clk 0:58:14]} Ng6 {[%clk 1:20:53]} 13. Be3 {[%clk 0:52:31]} Re8
{[%clk 1:19:17]} 14. Bd3 {[%clk 0:43:46]} Bf8 {[%clk 1:12:58]} 15. f5
{[%clk 0:31:19]} Ne5 {[%clk 1:11:28]} 16. Nf3 {[%clk 0:29:42]} Nxd3
{[%clk 1:09:22]} 17. Qxd3 {[%clk 0:27:58]} d5 {[%clk 0:29:12]} 18. exd5
{[%clk 0:22:28]} Bxf5 {[%clk 0:21:43]} 19. Qxf5 {[%clk 0:20:16]} Rxe3
{[%clk 0:22:07]} 20. dxc6 {[%clk 0:19:24]} bxc6 {[%clk 0:22:10]} 21. Qg5
{[%clk 0:13:43]} Rae8 {[%clk 0:21:10]} 22. Nh4 {[%clk 0:12:29]} h6
{[%clk 0:15:15]} 23. Qf5 {[%clk 0:10:31]} R3e5 {[%clk 0:10:26]} 24. Qf3
{[%clk 0:09:45]} Bc5+ {[%clk 0:08:30]} 25. Kh1 {[%clk 0:09:56]} Re3
{[%clk 0:08:01]} 26. Qf4 {[%clk 0:09:25]} Bd6 {[%clk 0:08:16]} 27. Qd4
{[%clk 0:07:54]} c5 {[%clk 0:07:38]} 28. Qc4 {[%clk 0:07:52]} Qc6
{[%clk 0:03:45]} 29. Rf3 {[%clk 0:07:15]} Re1+ {[%clk 0:03:45]} 30. Rxe1
{[%clk 0:06:59]} Rxe1+ {[%clk 0:04:13]} 31. Rf1 {[%clk 0:07:19]} Rxf1+
{[%clk 0:04:09]} 32. Qxf1 {[%clk 0:07:44]} Bb8 {[%clk 0:03:43]} 33. Nf3
{[%clk 0:06:39]} Nh5 {[%clk 0:03:29]} 34. Qd3 {[%clk 0:05:04]} Bc7
{[%clk 0:02:56]} 35. Qd5 {[%clk 0:03:39]} Ng3+ {[%clk 0:02:40]} 36. Kg1
{[%clk 0:03:44]} Qxd5 {[%clk 0:02:06]} 37. Nxd5 {[%clk 0:04:08]} Bxa5
{[%clk 0:02:18]} 38. Kf2 {[%clk 0:04:08]} Nf5 {[%clk 0:02:17]} 1/2-1/2

[Event "MP do lat 18 - dziewczeta"]
[Site "Sypniewo"]
[Date "2022.03.23"]
[Round "5.13"]
[White "Bienko, Jagoda"]
[Black "Kieca, Aleksandra"]
[Result "1-0"]
[BlackElo "1696"]
[WhiteElo "1551"]
[LiveChessVersion "1.4.8"]

1. d4 {[%clk 1:30:57]} d5 {[%clk 1:30:54]} 2. c4 {[%clk 1:31:22]} e6
{[%clk 1:31:19]} 3. Nc3 {[%clk 1:31:44]} Nf6 {[%clk 1:31:19]} 4. Bg5
{[%clk 1:32:04]} c6 {[%clk 1:31:08]} 5. cxd5 {[%clk 1:31:30]} exd5
{[%clk 1:31:26]} 6. e3 {[%clk 1:31:48]} Bd6 {[%clk 1:30:29]} 7. Qc2
{[%clk 1:31:25]} Be6 {[%clk 1:29:13]} 8. Bd3 {[%clk 1:31:09]} Nbd7
{[%clk 1:28:51]} 9. Nf3 {[%clk 1:31:10]} Qc7 {[%clk 1:26:10]} 10. Bh4
{[%clk 1:22:09]} h6 {[%clk 1:20:58]} 11. Bg3 {[%clk 1:19:42]} O-O
{[%clk 1:17:06]} 12. Bxd6 {[%clk 1:18:15]} Qxd6 {[%clk 1:17:28]} 13. O-O
{[%clk 1:18:40]} Rfe8 {[%clk 1:14:33]} 14. Rab1 {[%clk 1:17:21]} c5
{[%clk 1:01:14]} 15. Nb5 {[%clk 1:09:32]} Qb6 {[%clk 1:01:18]} 16. dxc5
{[%clk 1:09:25]} Nxc5 {[%clk 1:01:28]} 17. b4 {[%clk 1:01:16]} Nce4
{[%clk 0:55:32]} 18. Nc7 {[%clk 0:53:38]} Rac8 {[%clk 0:47:03]} 19. Nxe8
{[%clk 0:53:59]} Rxc2 {[%clk 0:47:01]} 20. Nxf6+ {[%clk 0:54:22]} gxf6
{[%clk 0:46:58]} 21. Bxc2 {[%clk 0:54:43]} Nc3 {[%clk 0:47:00]} 22. Rb2
{[%clk 0:53:43]} Qa6 {[%clk 0:46:49]} 23. Nd4 {[%clk 0:46:03]} Bd7
{[%clk 0:38:52]} 24. Rb3 {[%clk 0:27:38]} Ne2+ {[%clk 0:28:04]} 25. Nxe2
{[%clk 0:27:51]} Qxe2 {[%clk 0:28:31]} 26. Rc3 {[%clk 0:24:17]} Bc6
{[%clk 0:27:52]} 27. Bb3 {[%clk 0:21:25]} Qg4 {[%clk 0:27:27]} 28. a3
{[%clk 0:18:14]} Qg5 {[%clk 0:19:16]} 29. Rc5 {[%clk 0:17:18]} a6
{[%clk 0:04:04]} 30. Bxd5 {[%clk 0:10:56]} Bxd5 {[%clk 0:03:45]} 31. e4
{[%clk 0:11:09]} Qe5 {[%clk 0:03:00]} 32. exd5 {[%clk 0:11:25]} Kf8
{[%clk 0:01:57]} 33. Rd1 {[%clk 0:10:41]} Qd6 {[%clk 0:01:37]} 34. a4
{[%clk 0:10:00]} Ke7 {[%clk 0:01:38]} 35. a5 {[%clk 0:07:07]} Kd7
{[%clk 0:01:41]} 36. g3 {[%clk 0:05:39]} Kd8 {[%clk 0:01:54]} 37. Rdc1
{[%clk 0:05:25]} Kd7 {[%clk 0:02:02]} 38. b5 {[%clk 0:05:06]} axb5
{[%clk 0:01:50]} 39. Rxb5 {[%clk 0:05:29]} Qa6 {[%clk 0:01:45]} 40. Rcb1
{[%clk 0:34:33]} Ke8 {[%clk 0:30:56]} 41. Rxb7 {[%clk 0:32:22]} Qxa5
{[%clk 0:31:18]} 42. d6 {[%clk 0:32:29]} Qd5 {[%clk 0:31:34]} 43. d7+
{[%clk 0:31:24]} Kd8 {[%clk 0:31:46]} 44. Ra7 {[%clk 0:30:51]} Qd6
{[%clk 0:30:58]} 45. Re1 {[%clk 0:30:56]} 1-0

[Event "MP do lat 18 - dziewczeta"]
[Site "Sypniewo"]
[Date "2022.03.23"]
[Round "5.14"]
[White "Lochina, Justyna"]
[Black "Krzyzosiak, Anna"]
[Result "1-0"]
[BlackElo "1489"]
[WhiteElo "1646"]
[LiveChessVersion "1.4.8"]

1. e4 {[%clk 1:30:57]} c5 {[%clk 1:30:55]} 2. Nf3 {[%clk 1:31:21]} Nc6
{[%clk 1:31:18]} 3. d4 {[%clk 1:30:48]} cxd4 {[%clk 1:31:40]} 4. Nxd4
{[%clk 1:31:07]} Nf6 {[%clk 1:31:53]} 5. Nc3 {[%clk 1:30:40]} d6 {[%clk 1:32:01]}
6. Bc4 {[%clk 1:25:39]} Qb6 {[%clk 1:31:39]} 7. Nb3 {[%clk 1:22:08]} e6
{[%clk 1:30:33]} 8. O-O {[%clk 1:17:25]} Be7 {[%clk 1:25:43]} 9. Be3
{[%clk 1:14:32]} Qc7 {[%clk 1:24:29]} 10. f4 {[%clk 1:09:21]} O-O
{[%clk 1:18:38]} 11. Bd3 {[%clk 1:06:48]} a6 {[%clk 1:13:46]} 12. Qf3
{[%clk 1:01:24]} Nb4 {[%clk 1:07:44]} 13. Qg3 {[%clk 0:55:23]} Nxd3
{[%clk 0:58:37]} 14. cxd3 {[%clk 0:55:09]} d5 {[%clk 0:46:25]} 15. e5
{[%clk 0:48:37]} Ne8 {[%clk 0:41:27]} 16. Rac1 {[%clk 0:40:05]} Qd8
{[%clk 0:36:26]} 17. Na4 {[%clk 0:36:25]} b5 {[%clk 0:31:40]} 18. Bb6
{[%clk 0:30:18]} Qd7 {[%clk 0:30:06]} 19. Nac5 {[%clk 0:24:20]} Qc6
{[%clk 0:28:15]} 20. Ba5 {[%clk 0:23:30]} Bb7 {[%clk 0:16:16]} 21. Na4
{[%clk 0:14:44]} Qd7 {[%clk 0:14:15]} 22. Nb6 {[%clk 0:14:30]} Qd8
{[%clk 0:14:02]} 23. Nxa8 {[%clk 0:13:43]} Qxa8 {[%clk 0:14:15]} 24. d4
{[%clk 0:09:28]} Bc6 {[%clk 0:09:04]} 25. Bb6 {[%clk 0:06:34]} b4
{[%clk 0:07:54]} 26. Bc5 {[%clk 0:06:15]} Bxc5 {[%clk 0:07:58]} 27. Nxc5
{[%clk 0:04:54]} Bb5 {[%clk 0:05:39]} 28. Rf2 {[%clk 0:03:47]} Nc7
{[%clk 0:04:36]} 29. f5 {[%clk 0:02:11]} exf5 {[%clk 0:03:34]} 30. Rxf5
{[%clk 0:02:21]} Ne6 {[%clk 0:03:41]} 31. Nxe6 {[%clk 0:01:51]} fxe6
{[%clk 0:04:06]} 32. Rc7 {[%clk 0:00:55]} g6 {[%clk 0:04:04]} 33. Rf6
{[%clk 0:00:54]} Qd8 {[%clk 0:03:07]} 34. Rc1 {[%clk 0:00:33]} Rxf6
{[%clk 0:03:03]} 35. exf6 {[%clk 0:00:53]} Qxf6 {[%clk 0:03:16]} 36. Qf2
{[%clk 0:00:58]} Qxf2+ {[%clk 0:02:27]} 37. Kxf2 {[%clk 0:01:25]} h5
{[%clk 0:01:10]} 38. Rc7 {[%clk 0:01:16]} Kf8 {[%clk 0:01:30]} 39. Ke3
{[%clk 0:01:19]} Bc4 {[%clk 0:01:22]} 40. a3 {[%clk 0:30:54]} bxa3
{[%clk 0:31:23]} 41. bxa3 {[%clk 0:31:17]} Bf1 {[%clk 0:30:54]} 42. g3
{[%clk 0:30:37]} Bc4 {[%clk 0:30:22]} 43. Kf4 {[%clk 0:30:15]} Bd3
{[%clk 0:28:53]} 44. Ke5 {[%clk 0:29:43]} Bf5 {[%clk 0:29:00]} 45. Ra7
{[%clk 0:29:56]} Ke8 {[%clk 0:28:32]} 46. Rxa6 {[%clk 0:28:33]} Kd7
{[%clk 0:28:53]} 47. Rd6+ {[%clk 0:28:07]} Kc7 {[%clk 0:28:38]} 48. Rxe6
{[%clk 0:26:11]} 1-0